Guardians of the Galaxy (2014): Characters by Picture - Statistics

General Stats
  • This quiz has been taken 97 times
  • The average score is 12 of 22
Answer Stats
Picture Answer % Correct
Drax the Destroyer
100%
Gamora
100%
Groot
100%
Rocket Raccoon
100%
Star-Lord
100%
Nebula
95%
Thanos
81%
Yondu Udonta
81%
Ronan the Accuser
78%
Stan Lee
76%
The Collector
65%
Howard the Duck
55%
Cosmo the Spacedog
54%
Kraglin Obfonteri
38%
Nova Prime Irani Rael
20%
The Other
16%
Korath the Pursuer
13%
Garthan Saal
9%
Carina
8%
Rhomann Dey
8%
Eson the Searcher
4%
Bereet
3%
No matching quizzes found
Score Distribution
Percent of People with Each Score
Percentile by Number Answered
Your Score History
You have not taken this quiz